| 000 | 00506nam a22001697a 4500 | ||
|---|---|---|---|
| 999 |
_c62223 _d62223 |
||
| 005 | 20240823115136.0 | ||
| 008 | 240823c2001 enk||||| |||| 00| 0 eng d | ||
| 022 | _a0966 8373 | ||
| 041 | _aeng | ||
| 245 |
_aEuropean Journal of Philosophy : _b2001 / _cEditor Robert Stern. |
||
| 260 |
_aNorwich : _bBlackwell, _c2001. |
||
| 300 | _aV. | ||
| 653 | _aფილოსოფია | ||
| 653 | _aპერიოდიკა | ||
| 700 |
_aStern, Robert _eრედაქტორი _923108 |
||
| 942 |
_2udc _cCR |
||